[Event "IM Not A GM Speed Chess"]
[Site "chess.com INT"]
[Date "2020.04.26"]
[Round "1.8"]
[White "Yip, Carissa"]
[Black "Ippolito, Dean"]
[Result "1/2-1/2"]
[WhiteTitle "IM"]
[BlackTitle "IM"]
[WhiteElo "2420"]
[BlackElo "2369"]
[WhiteFideId "2090732"]
[BlackFideId "2009870"]
[EventDate "2020.04.18"]

1. e4 e5 2. Nf3 Nf6 3. d4 Nxe4 4. Bd3 Nc6 5. dxe5 Nc5 6. Bc4 Be7 7. O-O O-O 8.
Nc3 d6 9. exd6 Qxd6 10. Nb5 Qxd1 11. Rxd1 Bd8 12. Be3 Ne6 13. Rd2 a6 14. Nc3 Bf6
15. Rb1 b5 16. Bd5 Bb7 17. Ne4 Be7 18. Ne5 Nxe5 19. Bxb7 Rab8 20. Bd5 Rfd8 21.
b3 c6 22. Bxe6 fxe6 23. Rbd1 Rd5 24. Bf4 Rf8 25. Rxd5 exd5 26. Bxe5 dxe4 27. Rd7
Rd8 28. Rxd8+ Bxd8 29. Kf1 Kf7 30. Ke2 Bb6 31. Bc3 g6 32. Bd2 Ke6 33. Be3 Bc7
34. Bd4 Kd5 35. Ke3 g5 36. Bf6 Bf4+ 37. Ke2 g4 38. g3 Bd6 39. Bg5 Bc5 40. Be3
Bd6 41. Bd2 Bc5 42. Bc3 Bd6 43. Be1 Bc5 44. Bd2 Bd6 45. Ke3 Bc5+ 46. Ke2 Bd6 47.
Bc3 Bc5 48. Be1 Bd6 49. Ke3 Be5 50. Bd2 Bd6 51. Be1 Be5 52. c3 Bd6 53. Ke2 Be5
54. Ke3 Bd6 55. Ke2 Be5 56. Bd2 Bd6 57. Ke3 Bc5+ 58. Ke2 Bd6 59. Be1 1/2-1/2

[Event "IM Not A GM Speed Chess"]
[Site "chess.com INT"]
[Date "2020.04.26"]
[Round "1.9"]
[White "Ippolito, Dean"]
[Black "Yip, Carissa"]
[Result "1-0"]
[WhiteTitle "IM"]
[BlackTitle "IM"]
[WhiteElo "2369"]
[BlackElo "2420"]
[WhiteFideId "2009870"]
[BlackFideId "2090732"]
[EventDate "2020.04.18"]

1. d4 g6 2. c4 Bg7 3. Nf3 Nf6 4. g3 O-O 5. Bg2 d6 6. Nc3 Bf5 7. Nh4 Bc8 8. Nf3
c6 9. O-O Bf5 10. Ng5 e5 11. d5 h6 12. e4 Bg4 13. f3 Bd7 14. Nh3 cxd5 15. cxd5
b5 16. a3 a5 17. Nf2 Na6 18. Qe2 Qb6 19. Be3 Qb7 20. Rfc1 b4 21. axb4 axb4 22.
Na4 Bb5 23. Qe1 Nd7 24. b3 Rfc8 25. Bd2 Rxc1 26. Rxc1 Bxa4 27. bxa4 Ndc5 28. Qd1
Nc7 29. Rb1 Rxa4 30. Nd3 Nxd3 31. Be3 Ra3 32. Bf1 Nc5 33. Qc1 Ra5 34. Bd2 N7a6
35. Kh1 h5 36. Qc4 Ra4 37. Bc1 b3 38. Qc3 Rb4 39. Ba3 Rb6 40. Bb2 Nb4 41. Ra1
Na2 42. Qd2 Na4 43. Qe2 Nxb2 44. Qxb2 Kh7 45. Bc4 Nb4 46. Kg2 Qc7 47. Rc1 1-0

[Event "IM Not A GM Speed Chess"]
[Site "chess.com INT"]
[Date "2020.04.18"]
[Round "1.10"]
[White "Yip, Carissa"]
[Black "Ippolito, Dean"]
[Result "1-0"]
[WhiteTitle "IM"]
[BlackTitle "IM"]
[WhiteElo "2420"]
[BlackElo "2369"]
[WhiteFideId "2090732"]
[BlackFideId "2009870"]
[EventDate "2020.04.18"]

1. e4 e5 2. Nf3 Nf6 3. d4 Nxe4 4. Bd3 d5 5. Nxe5 Nd7 6. Nc3 Nxe5 7. dxe5 Nxc3 8.
bxc3 Be7 9. O-O O-O 10. Be3 Be6 11. f4 f5 12. exf6 Bxf6 13. Qh5 g6 14. Bxg6 hxg6
15. Qxg6+ Kh8 16. Qh6+ Kg8 17. Rf3 Qe7 18. Rg3+ Bg7 19. Bd4 Rf7 20. Re1 Bg4 21.
Rxe7 Bxh6 22. Rxg4+ Kf8 23. Re6 Bxf4 24. Bc5+ Bd6 25. Rxd6 cxd6 26. Bxd6+ Ke8
27. Rg8+ Kd7 28. Rxa8 Kxd6 29. Rxa7 Rc7 30. Ra3 Ke5 31. Kf2 Ke4 32. Ke2 b5 33.
Rb3 d4 34. Kd2 Rf7 35. Rb4 Rf2+ 36. Kc1 Rxg2 37. cxd4 Rxh2 38. Kb2 Kd5 39. Kb3
Rh1 40. c3 Rb1+ 41. Ka3 Rc1 42. Rxb5+ Kd6 43. Rc5 Rb1 44. Ka4 Rb8 45. a3 Ra8+
46. Kb3 Rb8+ 47. Kc4 Ra8 48. Kb4 Rb8+ 49. Rb5 Ra8 50. a4 Rf8 51. a5 Rf1 52. Rb6+
Kc7 53. Kc5 Rf5+ 54. d5 Rf3 55. c4 Ra3 56. Kb4 Ra1 57. Rc6+ Kb7 58. a6+ Ka7 59.
d6 Rb1+ 60. Kc5 1-0

[Event "IM Not A GM Speed Chess"]
[Site "chess.com INT"]
[Date "2020.04.26"]
[Round "1.11"]
[White "Ippolito, Dean"]
[Black "Yip, Carissa"]
[Result "1/2-1/2"]
[WhiteTitle "IM"]
[BlackTitle "IM"]
[WhiteElo "2369"]
[BlackElo "2420"]
[WhiteFideId "2009870"]
[BlackFideId "2090732"]
[EventDate "2020.04.18"]

1. d4 g6 2. c4 Bg7 3. Nf3 Nf6 4. g3 O-O 5. Bg2 d6 6. O-O Bf5 7. Qb3 Nc6 8. Qxb7
Na5 9. Qb5 c5 10. dxc5 Bd7 11. Qa6 Bc8 12. Qb5 Bd7 13. Qb4 Rb8 14. Qe1 Nxc4 15.
Nbd2 Nxb2 16. cxd6 exd6 17. Rb1 Na4 18. Rxb8 Qxb8 19. Nb3 Nd5 20. Bd2 Rc8 21.
Nfd4 Ndb6 22. e3 Nc4 23. Bb4 Nab2 24. Bc3 Na4 25. Bb4 Ncb2 26. Ba3 Nc4 27. Bb4 1/2-1/2

[Event "IM Not A GM Speed Chess"]
[Site "chess.com INT"]
[Date "2020.04.26"]
[Round "1.12"]
[White "Yip, Carissa"]
[Black "Ippolito, Dean"]
[Result "1-0"]
[WhiteTitle "IM"]
[BlackTitle "IM"]
[WhiteElo "2420"]
[BlackElo "2369"]
[WhiteFideId "2090732"]
[BlackFideId "2009870"]
[EventDate "2020.04.18"]

1. e4 c6 2. d4 d5 3. Nd2 dxe4 4. Nxe4 Nf6 5. Nxf6+ exf6 6. c3 Bd6 7. Bd3 O-O 8.
Qc2 Re8+ 9. Ne2 h5 10. Be3 Nd7 11. O-O-O Nf8 12. Kb1 Be6 13. c4 Rc8 14. Nc3 a6
15. c5 Bb8 16. Be4 Bd5 17. Nxd5 cxd5 18. Bf3 g6 19. Qb3 Rc7 20. Bxd5 Rd7 21.
Bxb7 Qc7 22. c6 Rde7 23. d5 Rd8 24. Bb6 1-0

[Event "IM Not A GM Speed Chess"]
[Site "chess.com INT"]
[Date "2020.04.26"]
[Round "1.13"]
[White "Ippolito, Dean"]
[Black "Yip, Carissa"]
[Result "1/2-1/2"]
[WhiteTitle "IM"]
[BlackTitle "IM"]
[WhiteElo "2369"]
[BlackElo "2420"]
[WhiteFideId "2009870"]
[BlackFideId "2090732"]
[EventDate "2020.04.18"]

1. d4 g6 2. c4 Bg7 3. Nf3 Nf6 4. g3 O-O 5. Bg2 d6 6. Nc3 Bf5 7. Nh4 Bc8 8. O-O
c6 9. h3 e5 10. dxe5 dxe5 11. Qxd8 Rxd8 12. Nf3 Re8 13. Rd1 Bf5 14. g4 Be6 15.
Nxe5 Nfd7 16. Nxd7 Nxd7 17. Be3 Ne5 18. Bd4 Nxc4 19. Bxg7 Kxg7 20. b3 Nb6 21.
Rd2 Rad8 22. Rad1 Rxd2 23. Rxd2 Kf8 24. Ne4 Ke7 25. Nc5 Bc8 26. e3 Rd8 27. Rxd8
Kxd8 28. Kf1 Ke7 29. Ke2 Kd6 30. Ne4+ Ke7 31. g5 Nd5 32. Kd2 Be6 33. Nc5 Bc8 34.
Bxd5 cxd5 35. h4 b6 36. Nd3 Kd6 37. Nf4 Ke5 38. Kc3 Bf5 39. f3 Bb1 40. Nd3+ Kd6
41. Nc1 Kc5 42. a3 Bf5 43. Nd3+ Kd6 44. Nf4 Ke5 45. Ne2 Bh3 46. Nd4 Bd7 47. Kd3
a6 48. f4+ Kd6 49. Nf3 Bf5+ 50. Kd4 Bc2 51. b4 Be4 52. Ne5 Ke6 53. Nc6 Bc2 54.
Nb8 a5 55. bxa5 bxa5 56. Nc6 a4 57. Nb4 Bb3 58. Na6 Bc2 59. Nc5+ Kd6 60. Na6 Bb3
61. Nc5 Bc2 62. Na6 Bb3 63. Nb4 Ke6 64. Nd3 Kf5 65. Ne5 Ke6 66. Nc6 Kd6 67. Ne5
Ke6 68. Nf3 Kd6 69. Nd2 Bc2 70. Nf3 Bb3 71. Ne5 Ke6 1/2-1/2

[Event "IM Not A GM Speed Chess"]
[Site "chess.com INT"]
[Date "2020.04.26"]
[Round "1.14"]
[White "Yip, Carissa"]
[Black "Ippolito, Dean"]
[Result "1-0"]
[WhiteTitle "IM"]
[BlackTitle "IM"]
[WhiteElo "2420"]
[BlackElo "2369"]
[WhiteFideId "2090732"]
[BlackFideId "2009870"]
[EventDate "2020.04.18"]

1. e4 e5 2. Nf3 Nf6 3. d4 Nxe4 4. Bd3 d5 5. Nxe5 Nd7 6. Nc3 Nxe5 7. dxe5 Nxc3 8.
bxc3 Be7 9. O-O O-O 10. Be3 c5 11. f4 c4 12. Be2 f5 13. Bf3 Be6 14. Qd2 Qd7 15.
Rfd1 Rfd8 16. a4 b6 17. Qf2 Rac8 18. a5 Bc5 19. axb6 axb6 20. Rd2 g6 21. h3 Qf7
22. Ra6 Qb7 23. Ra1 Qf7 24. Rb1 Qe7 25. Kh2 Ra8 26. Rbd1 Bxe3 27. Qxe3 Qb7 28.
Rb1 Ra6 29. Qd4 Qc7 30. Rb5 Ra5 31. Rxb6 Qe7 32. Rd1 Ra7 33. Rdb1 Rad7 34. Rc6
Rc7 35. Rbb6 1-0

[Event "IM Not A GM Speed Chess"]
[Site "chess.com INT"]
[Date "2020.04.26"]
[Round "1.15"]
[White "Ippolito, Dean"]
[Black "Yip, Carissa"]
[Result "1-0"]
[WhiteTitle "IM"]
[BlackTitle "IM"]
[WhiteElo "2369"]
[BlackElo "2420"]
[WhiteFideId "2009870"]
[BlackFideId "2090732"]
[EventDate "2020.04.18"]

1. d4 g6 2. c4 Bg7 3. Nf3 Nf6 4. g3 O-O 5. Bg2 d6 6. O-O Bf5 7. Qb3 c6 8. Qxb7
Nbd7 9. Qxc6 Rc8 10. Qa6 Nb6 11. Nbd2 Qc7 12. b3 Ne4 13. Nxe4 Bxe4 14. Bb2 e5
15. dxe5 dxe5 16. Qa5 Rfe8 17. Rfd1 f5 18. Ne1 Bxg2 19. Nxg2 Qc6 20. Ne3 f4 21.
Nd5 Qe6 22. Nxb6 axb6 23. Qd5 Qxd5 24. Rxd5 Kf7 25. Rd7+ Kg8 26. Rad1 Ra8 27. a4
Bf6 28. R1d6 Rab8 29. Rxf6 1-0

[Event "IM Not A GM Speed Chess"]
[Site "chess.com INT"]
[Date "2020.04.26"]
[Round "1.16"]
[White "Yip, Carissa"]
[Black "Ippolito, Dean"]
[Result "1-0"]
[WhiteTitle "IM"]
[BlackTitle "IM"]
[WhiteElo "2420"]
[BlackElo "2369"]
[WhiteFideId "2090732"]
[BlackFideId "2009870"]
[EventDate "2020.04.18"]

1. e4 e5 2. Nf3 Nf6 3. d4 Nxe4 4. Bd3 Nc6 5. dxe5 Nc5 6. Bc4 d6 7. O-O dxe5 8.
Qxd8+ Nxd8 9. Nxe5 Be6 10. Bxe6 Ndxe6 11. Nc3 Bd6 12. Nc4 Be7 13. Be3 c6 14.
Rad1 Rd8 15. a3 a6 16. Ne5 f6 17. Nc4 Kf7 18. f4 Rxd1 19. Rxd1 Rd8 20. Rxd8 Nxd8
21. Kf2 g6 22. Nb6 Nde6 23. b4 f5 24. bxc5 Nxc5 25. Nc4 Ne6 26. Ne5+ Ke8 27. a4
c5 28. Nd5 Bd8 29. Kf3 b5 30. axb5 axb5 31. Nd3 c4 32. N3b4 Ba5 33. Nc6 Be1 34.
Ke2 Bh4 35. Nc3 Bf6 36. Nxb5 c3 37. Nbd4 Nc5 38. Ne5 Ne4 39. Kd3 Nd6 40. Ne2 g5
41. g3 gxf4 42. gxf4 h5 43. Nxc3 1-0

[Event "IM Not A GM Speed Chess"]
[Site "chess.com INT"]
[Date "2020.04.26"]
[Round "1.17"]
[White "Ippolito, Dean"]
[Black "Yip, Carissa"]
[Result "0-1"]
[WhiteTitle "IM"]
[BlackTitle "IM"]
[WhiteElo "2369"]
[BlackElo "2420"]
[WhiteFideId "2009870"]
[BlackFideId "2090732"]
[EventDate "2020.04.18"]

1. d4 g6 2. c4 Bg7 3. Nf3 Nf6 4. g3 O-O 5. Bg2 d6 6. Nc3 Bf5 7. Qb3 Nc6 8. Qxb7
Na5 9. Qa6 c6 10. b4 Ne4 11. Bb2 Rb8 12. Nxe4 Bxe4 13. Bc3 Nb7 14. O-O Qc7 15.
Qa3 Nd8 16. Qc1 Ne6 17. d5 cxd5 18. Bxg7 Kxg7 19. cxd5 Qxc1 20. Rfxc1 Bxd5 21.
a3 Rfc8 22. Nd2 Bxg2 23. Kxg2 Nd4 24. e3 Ne6 25. Kf1 d5 26. Nb3 Kf6 27. Ke2 Ke5
28. f4+ Kd6 29. h3 Rc4 30. Rxc4 dxc4 31. Rd1+ Kc6 32. Na5+ Kb5 33. Rd5+ Ka4 34.
Nxc4 Kb3 35. Ne5 f6 36. Rd3+ Ka4 37. Nc6 Rb7 38. g4 Rc7 39. Nb8 Rc2+ 40. Kf3 Rc8
41. Na6 Rc6 42. Nb8 Rc8 43. Na6 Rc6 44. f5 Ng5+ 45. Kf4 Rxa6 46. h4 e5+ 47. fxe6
Nxe6+ 48. Ke4 Rc6 49. Kd5 Rb6 50. b5 Nc7+ 51. Kc4 Nxb5 52. Rd7 Nxa3+ 53. Kd3 a5
54. Ra7 Rd6+ 55. Ke2 h5 56. Rh7 hxg4 57. Rg7 f5 58. Rxg6 Rxg6 0-1

[Event "IM Not A GM Speed Chess"]
[Site "chess.com INT"]
[Date "2020.04.26"]
[Round "1.18"]
[White "Yip, Carissa"]
[Black "Ippolito, Dean"]
[Result "1-0"]
[WhiteTitle "IM"]
[BlackTitle "IM"]
[WhiteElo "2420"]
[BlackElo "2369"]
[WhiteFideId "2090732"]
[BlackFideId "2009870"]
[EventDate "2020.04.18"]

1. e4 c6 2. d4 d5 3. Nd2 dxe4 4. Nxe4 Bf5 5. Ng3 Bg6 6. Nf3 e6 7. Ne5 Nd7 8.
Nxg6 hxg6 9. Bf4 Ngf6 10. c4 Qa5+ 11. Bd2 Bb4 12. a3 Bxd2+ 13. Qxd2 Qxd2+ 14.
Kxd2 c5 15. dxc5 Nxc5 16. Re1 O-O-O+ 17. Kc2 Rh4 18. f3 Nfd7 19. b4 Na4 20. c5
Nb8 21. Bb5 Nxc5 22. bxc5 Rd5 23. Ne4 f5 24. Nd6+ Kc7 25. Ne8+ Kd8 26. Kb2 Rxc5
27. Rd1+ Ke7 28. Nd6 a6 29. Be2 Nc6 30. Nxb7 Re5 31. Bd3 Nd4 32. Bxa6 Nb5 33.
Nd8 Nc7 34. Nc6+ Kf6 35. Nxe5 Kxe5 36. Bd3 Rh8 37. Rhe1+ Kf6 38. Bc4 Rxh2 39.
Re2 Rh4 40. Kc3 e5 41. Rd6+ Kg5 42. Rxe5 Rh2 43. Re2 Rh4 44. a4 Na8 45. Bf7 Nc7
46. Rxg6+ Kf4 47. g3+ Kxf3 48. gxh4 Kxe2 49. Rxg7 1-0

[Event "IM Not A GM Speed Chess"]
[Site "chess.com INT"]
[Date "2020.04.26"]
[Round "1.19"]
[White "Ippolito, Dean"]
[Black "Yip, Carissa"]
[Result "0-1"]
[WhiteTitle "IM"]
[BlackTitle "IM"]
[WhiteElo "2369"]
[BlackElo "2420"]
[WhiteFideId "2009870"]
[BlackFideId "2090732"]
[EventDate "2020.04.18"]

1. d4 g6 2. c4 Bg7 3. Nf3 Nf6 4. g3 O-O 5. Bg2 d6 6. Nc3 Bf5 7. Qb3 Nc6 8. Qxb7
Na5 9. Qa6 c5 10. dxc5 Bc8 11. Qb5 Bd7 12. Qb4 Rb8 13. Qa3 Nxc4 14. Qa6 Nxb2 15.
c6 Bc8 16. Qxa7 Bf5 17. O-O Ne8 18. Bxb2 Rxb2 19. Nd5 e6 20. c7 Nxc7 21. Nxc7
Be4 22. Rac1 Qd7 23. Qa5 Rc8 24. Na6 Ra8 25. Ne5 Bxe5 26. Bxe4 d5 27. Bd3 Qb7
28. Rfd1 Rb6 29. Qa4 Rbxa6 30. Bxa6 Rxa6 31. Qc2 Kg7 32. Qc8 Qa7 33. Qc5 Rxa2
34. Qxa7 Rxa7 35. e3 Ra2 36. h4 Kf6 37. Rb1 Kf5 38. Rbc1 Ke4 39. Kg2 Kf5 40. Kf3
Bf6 41. g4+ Ke5 42. Rh1 Bg7 43. g5 Kf5 44. Rcg1 e5 45. Rg2 e4+ 46. Kg3 Be5+ 47.
Kh3 Ra3 48. Rgg1 d4 49. Re1 d3 50. Rd1 Ra2 51. Rhf1 Bc3 52. h5 Kxg5 53. hxg6
hxg6 54. Rg1+ Kf5 55. Rg2 Ra8 56. Kh2 Be5+ 57. Kg1 Ra1 58. Rxa1 Bxa1 59. Kf1 Ke5
60. Ke1 Bc3+ 61. Kd1 Kf5 62. Rh2 Kg4 63. Rh7 f5 64. Rc7 Be5 65. Rc6 g5 66. Rc5
Bd6 67. Rc6 Bh2 68. Rh6 Bg1 69. Rg6 Bxf2 70. Kd2 Kf3 71. Rxg5 Bxe3+ 72. Ke1 Bxg5
73. Kf1 d2 74. Kg1 d1=Q+ 75. Kh2 Qe2+ 76. Kh1 Qg2# 0-1

[Event "IM Not A GM Speed Chess"]
[Site "chess.com INT"]
[Date "2020.04.19"]
[Round "1.20"]
[White "Yip, Carissa"]
[Black "Ippolito, Dean"]
[Result "1/2-1/2"]
[WhiteTitle "IM"]
[BlackTitle "IM"]
[WhiteElo "2420"]
[BlackElo "2369"]
[WhiteFideId "2090732"]
[BlackFideId "2009870"]
[EventDate "2020.04.18"]

1. e4 c5 2. Nf3 e6 3. d4 cxd4 4. Nxd4 Nf6 5. Nc3 Nc6 6. Bf4 d5 7. exd5 Nxd5 8.
Nxc6 bxc6 9. Be5 f6 10. Nxd5 cxd5 11. Bc3 Bd6 12. Bb5+ Bd7 13. Bxd7+ Qxd7 14.
O-O O-O 15. Re1 Rac8 16. Qg4 Rce8 17. Rad1 Bc5 18. Re2 Qc6 19. Red2 h6 20. h3
Qb6 21. Bd4 Bxd4 22. Qxd4 Qc6 23. b3 a5 24. Rc1 Rd8 25. c4 e5 26. Qc3 d4 27.
Qxa5 e4 28. Rcd1 d3 29. Qc3 Qe6 30. Kh2 f5 31. b4 f4 32. c5 f3 33. g3 e3 34.
Rxd3 Rxd3 35. Qxd3 e2 36. Re1 Qxa2 37. b5 Qa5 38. Qb1 Rb8 39. b6 Qxc5 40. b7 Qc7
41. Qb3+ Kh8 42. Qxf3 Rxb7 43. Rxe2 Qd7 44. Qe4 Rb8 45. Qe7 Qd5 46. Qe4 Qb3 47.
Kg2 Qd1 48. Re1 Qd7 49. Qe5 Qb7+ 50. Kh2 Qc8 51. Re3 Ra8 52. Rf3 Qe8 53. Qxe8+
Rxe8 54. h4 Kh7 55. Kg2 Re5 56. Re3 Rd5 57. Kf3 Rc5 58. Ke4 Rb5 59. Kf3 Ra5 60.
Kg2 Rb5 61. Kf3 Ra5 62. Kg2 Rb5 63. Kf3 1/2-1/2

[Event "IM Not A GM Speed Chess"]
[Site "chess.com INT"]
[Date "2020.04.26"]
[Round "1.21"]
[White "Ippolito, Dean"]
[Black "Yip, Carissa"]
[Result "0-1"]
[WhiteTitle "IM"]
[BlackTitle "IM"]
[WhiteElo "2369"]
[BlackElo "2420"]
[WhiteFideId "2009870"]
[BlackFideId "2090732"]
[EventDate "2020.04.18"]

1. d4 Nf6 2. c4 g6 3. Nf3 Bg7 4. g3 O-O 5. Bg2 d6 6. O-O Bf5 7. Nc3 Ne4 8. Nd5
c6 9. Ne3 Bd7 10. Ne1 f5 11. f3 Nf6 12. N3c2 e5 13. dxe5 dxe5 14. Be3 Be6 15. b3
Nbd7 16. Bf2 Qe7 17. Qc1 Rfd8 18. Qb2 e4 19. Qc1 c5 20. Ne3 Nb6 21. f4 Nfd7 22.
Rb1 Nb8 23. N1c2 Nc6 24. g4 Nd4 25. gxf5 Nxe2+ 0-1

[Event "IM Not A GM Speed Chess"]
[Site "chess.com INT"]
[Date "2020.04.26"]
[Round "1.22"]
[White "Yip, Carissa"]
[Black "Ippolito, Dean"]
[Result "1/2-1/2"]
[WhiteTitle "IM"]
[BlackTitle "IM"]
[WhiteElo "2420"]
[BlackElo "2369"]
[WhiteFideId "2090732"]
[BlackFideId "2009870"]
[EventDate "2020.04.18"]

1. e4 c5 2. Nf3 d6 3. d4 cxd4 4. Nxd4 Nf6 5. Nc3 a6 6. Be3 e5 7. Nf3 Be7 8. Bc4
O-O 9. O-O Nbd7 10. Re1 b5 11. Bb3 Bb7 12. Bg5 Rc8 13. Nd2 b4 14. Bxf6 Nxf6 15.
Nd5 Bxd5 16. exd5 Re8 17. Qe2 Qb6 18. Nc4 Qb7 19. Ne3 Bf8 20. Bc4 Ra8 21. b3 g6
22. a3 bxa3 23. Rxa3 a5 24. Bb5 Rec8 25. Bc6 Rxc6 26. dxc6 Qxc6 27. Rea1 Qc5 28.
Nc4 Qd4 29. Rxa5 Qxa1+ 30. Rxa1 Rxa1+ 31. Qf1 Rxf1+ 32. Kxf1 Nd7 33. Ke2 d5 34.
Ne3 d4 35. Nd5 Bd6 36. Kd3 Kf8 37. Kc4 Ke8 38. b4 Kd8 39. b5 Kc8 40. Kd3 Nc5+
41. Kc4 Ne4 42. f3 Nd2+ 43. Kd3 Nf1 44. h3 Ng3 45. Nf6 h5 46. Kc4 Nf5 47. Kd5
Kb7 48. Ne4 Bc7 49. Nc5+ Kb6 50. Nd7+ Kxb5 51. Nxe5 Bxe5 52. Kxe5 Ne3 53. Kxd4
Nxg2 54. Ke5 h4 55. Kf6 Ne1 56. Kxf7 Nxf3 57. Kxg6 Ng1 58. Kh5 Nxh3 59. Kxh4 Nf2
60. c4+ Kxc4 1/2-1/2

[Event "IM Not A GM Speed Chess"]
[Site "chess.com INT"]
[Date "2020.04.29"]
[Round "2.1"]
[White "Kashlinskaya, Alina"]
[Black "Rosen, Eric"]
[Result "1/2-1/2"]
[WhiteTitle "IM"]
[BlackTitle "IM"]
[WhiteElo "2494"]
[BlackElo "2353"]
[WhiteFideId "4198026"]
[BlackFideId "2032562"]
[EventDate "2020.04.18"]

1. d4 d5 2. c4 e6 3. Nc3 Nf6 4. cxd5 exd5 5. Bg5 c6 6. e3 Bd6 7. Bd3 O-O 8. Qc2
h6 9. Bh4 Re8 10. Nge2 a5 11. h3 Na6 12. a3 Nc7 13. O-O Ne6 14. Rad1 Ng5 15. f4
Ne6 16. e4 dxe4 17. Nxe4 Be7 18. Nxf6+ Bxf6 19. Bxf6 Qxf6 20. Bc4 b5 21. Ba2 Bb7
22. Ng3 Nxd4 23. Qf2 Rad8 24. f5 c5 25. Qf4 Qc6 26. Qf2 Qf6 27. Qf4 Qe5 28. Qxe5
Rxe5 29. f6 Rg5 30. Kh2 g6 31. Rde1 c4 32. Re7 Bd5 33. Bb1 h5 34. Rf4 Ne6 35.
Rf2 Bc6 36. Ne4 Re5 37. Nd2 h4 38. Bc2 Re1 39. Nf3 Rc1 40. Ne5 Be8 41. Nxg6 fxg6
42. Rxe6 Bf7 43. Re7 b4 44. axb4 axb4 45. Bxg6 Bxg6 46. Rg7+ Kf8 47. Rxg6 Rdd1
48. g4 Rh1+ 49. Kg2 Rcg1+ 50. Kf3 Rxh3+ 51. Ke4 Rhg3 52. Rf4 h3 53. Rh6 Rxg4 54.
Rxh3 Rxf4+ 55. Kxf4 c3 56. bxc3 b3 57. Rh8+ Kf7 58. Rb8 Kxf6 59. Rb6+ Ke7 60.
Rxb3 Kd7 61. Ke5 Rd1 62. Ke4 Kc6 63. c4 Kc5 64. Rh3 1/2-1/2

[Event "IM Not A GM Speed Chess"]
[Site "chess.com INT"]
[Date "2020.04.30"]
[Round "2.2"]
[White "Rosen, Eric"]
[Black "Kashlinskaya, Alina"]
[Result "0-1"]
[WhiteTitle "IM"]
[BlackTitle "IM"]
[WhiteElo "2353"]
[BlackElo "2494"]
[WhiteFideId "2032562"]
[BlackFideId "4198026"]
[EventDate "2020.04.18"]

1. d4 Nf6 2. Bf4 d5 3. e3 e6 4. Nd2 c5 5. c3 Nc6 6. Ngf3 Bd6 7. Bg3 O-O 8. Bd3
b6 9. e4 Be7 10. e5 Nh5 11. Ng5 Bxg5 12. Qxh5 g6 13. Qe2 cxd4 14. h4 dxc3 15.
hxg5 cxd2+ 16. Qxd2 Qe7 17. a3 a5 18. Qf4 Ba6 19. Bxa6 Rxa6 20. Rc1 b5 21. Rh6
b4 22. Qh4 bxa3 23. bxa3 Qxa3 24. Bf4 Nxe5 25. Rxh7 Nd3+ 26. Kf1 Qb2 27. Rc2
Qa1+ 28. Bc1 Nxc1 29. g3 Nd3+ 30. Kg2 Ne1+ 31. Kh2 Nf3+ 32. Kg2 Nxh4+ 33. Rxh4
a4 0-1

[Event "IM Not A GM Speed Chess"]
[Site "chess.com INT"]
[Date "2020.04.30"]
[Round "2.3"]
[White "Kashlinskaya, Alina"]
[Black "Rosen, Eric"]
[Result "0-1"]
[WhiteTitle "IM"]
[BlackTitle "IM"]
[WhiteElo "2494"]
[BlackElo "2353"]
[WhiteFideId "4198026"]
[BlackFideId "2032562"]
[EventDate "2020.04.18"]

1. d4 Nf6 2. c4 e6 3. Nf3 d5 4. Nc3 Be7 5. Bf4 O-O 6. e3 b6 7. Be2 Bb7 8. O-O a6
9. cxd5 exd5 10. Qc2 Nbd7 11. h3 Re8 12. Rad1 Nf8 13. Ne5 Bd6 14. Bf3 Ng6 15.
Nxg6 hxg6 16. Bg5 Be7 17. Qb3 Ne4 18. Bxe7 Rxe7 19. Bxe4 dxe4 20. Rc1 g5 21. Ne2
g6 22. Rc3 Kg7 23. Rfc1 Qd6 24. Qc2 Rc8 25. Qd2 Bd5 26. a3 Rh8 27. Qc2 c6 28.
Ng3 f5 29. Rxc6 Bxc6 30. Qxc6 Qxc6 31. Rxc6 Rb8 32. Ne2 Rbb7 33. Nc3 Rec7 34.
Rd6 Kf7 35. g3 b5 36. Rxa6 b4 37. Nd5 Rc1+ 38. Kg2 bxa3 39. bxa3 Rbb1 40. Ra7+
Ke6 41. Nc7+ Kd7 42. Na6+ Kd6 0-1

[Event "IM Not A GM Speed Chess"]
[Site "chess.com INT"]
[Date "2020.05.01"]
[Round "2.4"]
[White "Rosen, Eric"]
[Black "Kashlinskaya, Alina"]
[Result "1-0"]
[WhiteTitle "IM"]
[BlackTitle "IM"]
[WhiteElo "2353"]
[BlackElo "2494"]
[WhiteFideId "2032562"]
[BlackFideId "4198026"]
[EventDate "2020.04.18"]

1. d4 Nf6 2. Bf4 d5 3. e3 e6 4. Nd2 c5 5. c3 Nc6 6. Ngf3 Bd6 7. Bg3 O-O 8. Bd3
b6 9. e4 Be7 10. e5 Nh5 11. Ng5 Bxg5 12. Qxh5 g6 13. Qe2 cxd4 14. h4 dxc3 15.
hxg5 cxd2+ 16. Qxd2 Qe7 17. a3 a5 18. Rc1 Nd4 19. Qf4 Nb3 20. Rd1 Ba6 21. Rh6
Bxd3 22. Qh4 f5 23. exf6 Qf7 24. Rxd3 Nc5 25. Rd1 e5 26. Bxe5 Rfe8 27. f4 Nd7
28. Qh2 Nxe5 29. fxe5 Qe6 30. Kf1 Qg4 31. Re1 Ra7 32. e6 Kh8 33. Qe5 Qf5+ 34.
Qxf5 gxf5 35. g6 Rxe6 36. g7+ Kg8 37. Rxe6 1-0

[Event "IM Not A GM Speed Chess"]
[Site "chess.com INT"]
[Date "2020.04.29"]
[Round "2.5"]
[White "Kashlinskaya, Alina"]
[Black "Rosen, Eric"]
[Result "1-0"]
[WhiteTitle "IM"]
[BlackTitle "IM"]
[WhiteElo "2494"]
[BlackElo "2353"]
[WhiteFideId "4198026"]
[BlackFideId "2032562"]
[EventDate "2020.04.18"]

1. d4 Nf6 2. c4 e6 3. Nf3 d5 4. Nc3 Be7 5. Bf4 O-O 6. e3 b6 7. Be2 Bb7 8. O-O a6
9. cxd5 exd5 10. Qb3 Nbd7 11. h3 Re8 12. Rac1 Nf8 13. Rfd1 Ng6 14. Be5 Ne4 15.
Bxc7 Qxc7 16. Nxe4 Qd8 17. Ned2 Bd6 18. Bd3 Qf6 19. a4 Rad8 20. Qc2 Bb8 21. Nf1
Bc8 22. Qc6 Bd6 23. N1d2 Bd7 24. Qc2 Ra8 25. Qb3 Ne7 26. Kh1 Qh6 27. Bf1 b5 28.
axb5 axb5 29. Ne5 Bxe5 30. dxe5 Ng6 31. Nf3 Bg4 32. Qxd5 Bxf3 33. Qxf3 Nxe5 34.
Qd5 Qf6 35. Kg1 Ng6 36. Qxb5 Rab8 37. Qa4 Qxb2 38. Rb1 Qf6 39. Rxb8 Rxb8 40. Qa7
Rf8 41. Qd4 Qg5 42. Qd5 Qf6 43. Qd6 Qg5 44. Rd5 Qh4 45. Bd3 Qa4 46. Kh2 Qa2 47.
Rf5 Qb3 48. Be4 Qb8 49. Qxb8 Rxb8 50. Bd5 Rf8 51. e4 Ne7 52. Re5 Ng6 53. Rf5 Ne7
54. Rf3 Ng6 55. Ra3 Ne5 56. Ra7 g5 57. g3 Ng6 58. Kg2 h6 59. Kf3 Kg7 60. Ke3 Re8
61. Bxf7 Re7 62. Rxe7 Nxe7 63. Ba2 Kf6 64. f4 Ng6 65. e5+ Kg7 66. Ke4 Ne7 67. f5
Nc6 68. f6+ Kg6 69. f7 Kg7 70. e6 Kf8 71. Kd5 Nb4+ 72. Kd6 Nxa2 73. e7+ Kxf7 74.
Kd7 Nb4 75. e8=Q+ Kg7 76. Qe5+ Kg8 77. Ke8 Nc6 78. Qe6+ Kg7 79. Qf7+ Kh8 80. Kf8
Ne7 81. Qg7# 1-0